Pleto ka Rajdarshan (Record no. 438707)

000 -LEADER
fixed length control field 00370cam a22001217a 4500
008 - FIXED-LENGTH DATA ELEMENTS--GENERAL INFORMATION
fixed length control field 180718b2002 xxu||||| |||| 00| 0 eng d
020 ## - INTERNATIONAL STANDARD BOOK NUMBER
International Standard Book Number 81 7391 459 1
100 ## - MAIN ENTRY--PERSONAL NAME
Personal name Sharma, Yogender Kumar
245 ## - TITLE STATEMENT
Title Pleto ka Rajdarshan
Statement of responsibility, etc. by Yogender Kumar Sharma
260 ## - PUBLICATION, DISTRIBUTION, ETC.
Place of publication, distribution, etc. New Delhi
Name of publisher, distributor, etc. Kanikha Publisher , Distributer
Date of publication, distribution, etc. 2002
300 ## - PHYSICAL DESCRIPTION
Extent 199p.
650 ## - SUBJECT ADDED ENTRY--TOPICAL TERM
Topical term or geographic name entry element Political philosophy-plato
Holdings
Withdrawn status Lost status Damaged status Not for loan Permanent Location Current Location Date acquired Barcode Date last seen Price effective from Koha item type
        Indian Institute of Public Administration Indian Institute of Public Administration 2010-04-13 77376 2018-07-21 2018-07-21 Book

Powered by Koha